000 00836nam a2200217 a 4500
001 BRCA_9060
005 20190320210517.0
008 040917s1776----it-#######---#000-0#lat-#
041 _alat
044 _ait
084 _aCO57
_b.M36 1776
100 1 _aMamachi, Tommaso Maria
_d1713 - 1792
_922299
245 1 0 _aFr. Thomae Mariae Mamachi Ordinis Praedicatorum Theologi Casanatensis Epistolarum ad Justinum Febronium jurisconsultum
_bde ratione regendae christiane reipublicae, deque legitima romani pontificis potestate: liber primus.
260 _aRomae
_bEx Typographia Salvioni
_c1776
300 _a408 p. (t.1)
_c21 x 14.3 cm
500 _aSuperiorum permissu
500 _aEstado físico: presenta encuadernación en pergamino
650 1 4 _aIglesia y estado
_yObras anteriores a 1800
_921950
902 _aCFM
942 _2lcc
_cB
999 _c8710
_d8710